QUEST Central Library Banner

انسائیکلو پیدیا آف اسلام (Record no. 65116)

MARC details
000 -LEADER
fixed length control field 00268nam a22001097a 4500
082 ## - DEWEY DECIMAL CLASSIFICATION NUMBER
Classification number 297.03U P L
100 ## - MAIN ENTRY--AUTHOR NAME
Personal name یو نیو ورستی آف پنجاب
245 ## - TITLE STATEMENT
Title انسائیکلو پیدیا آف اسلام
250 ## - EDITION STATEMENT
Edition statement VOL 6
260 ## - PUBLICATION, DISTRIBUTION, ETC. (IMPRINT)
Place of publication لاہور
942 ## - ADDED ENTRY ELEMENTS (KOHA)
Koha item type Books
Holdings
Withdrawn status Lost status Collection code Home library Current library Date acquired Full call number Accession Number Koha item type
    Reference Reference Section Reference Section 08/07/2019 297.03U P L (Shelf - 15E) R12132 Books

Copyright © 2018,The QUEST, Nawabshah, Shaheed Benazirabad. All rights reserved
Mr. G. Farooq Channar (Librarian) QUEST, Nawabshah, Sindh, Pakistan 67480.
 Ph#: |   0244-9370381-4 Ext. 2308   Email| lib@quest.edu.pk   Web|  http://www.quest.edu.pk